000 00490nam a2200157 a 4500
008 120416s1992 xx |||||||||||||| || u
050 _aHF 5438.2 Sel
100 _aSellars, David
245 1 0 _aRole playing
246 _athe principles of selling
250 _a2nd ed.
260 _c1992
300 _a: ill.
350 _a0.00
995 _D0.00
_FCBU-MAIN LIBRARY (Kitwe)
_H1
_I0.00
_UAVAILABLE
_ZMain Library Open Access Collection
999 _c56726
_d56726